Applied Computational Genomics /

The volume provides a review of statistical development and application in the area of human genomics, including candidate gene mapping, linkage analysis, population-based genome-wide association, exon sequencing, and whole genome sequencing analysis. The authors are extremely experienced in the fie...

Full description

Bibliographic Details
Corporate Author: SpringerLink (Online service)
Other Authors: Yao, Yin (Editor)
Format: eBook
Language:English
Published: Singapore : Springer Singapore : Imprint: Springer, 2018.
Edition:2nd ed. 2018.
Series:Translational bioinformatics. 13.
Subjects:
Online Access:Connect to the full text of this electronic book

MARC

Tag First Indicator Second Indicator Subfields
LEADER 00000cam a22000005i 4500
001 in00004012713
006 m o d
007 cr nn 008mamaa
008 180903s2018 si | o |||| 0|eng d
005 20240730204522.8
020 |a 9789811310713 
024 7 |a 10.1007/978-981-13-1071-3  |2 doi 
035 |a (DE-He213)978-981-13-1071-3 
040 |d UtOrBLW 
050 4 |a RB155-155.8 
050 4 |a QH431 
072 7 |a MFN  |2 bicssc 
072 7 |a MED107000  |2 bisacsh 
072 7 |a MFN  |2 thema 
082 0 4 |a 611.01816  |2 23 
082 0 4 |a 599.935  |2 23 
245 0 0 |a Applied Computational Genomics /  |c edited by Yin Yao. 
250 |a 2nd ed. 2018. 
264 1 |a Singapore :  |b Springer Singapore :  |b Imprint: Springer,  |c 2018. 
300 |a 1 online resource (VII, 150 pages 14 illustrations, 13 illustrations in color) :  |b online resource. 
336 |a text  |b txt  |2 rdacontent 
337 |a computer  |b c  |2 rdamedia 
338 |a online resource  |b cr  |2 rdacarrier 
347 |a text file  |b PDF  |2 rda 
490 1 |a Translational Bioinformatics,  |x 2213-2775 ;  |v 13 
505 0 |a Introduction -- Exploring Polygenic Overlap Between ADHD and OCD -- Concepts of Genetic Epidemiology -- Rare Variants Analysis in Unrelated Individuals -- Whole Genome Association of Treatment Response in OCD -- QTL Mapping of Molecular Traits for Studies of Human Complex Diseases -- From Family Study to Population Study: A History of Genetic Mapping for Nasopharyngeal Carcinoma (NPC) -- Test for Nonlinear Dependence of Two Continuous Variables -- Analytical Approaches for Exome Sequence Data -- Machine Learning Approaches: Data Integration for Disease Prediction and Prognosis -- OCD Genomics and Future Looks. 
520 |a The volume provides a review of statistical development and application in the area of human genomics, including candidate gene mapping, linkage analysis, population-based genome-wide association, exon sequencing, and whole genome sequencing analysis. The authors are extremely experienced in the field of statistical genomics and will give a detailed introduction to the evolution of the field, as well as critical comments on the advantages and disadvantages of the proposed statistical models. The future directions of translational biology will also be described. 
500 |a Electronic resource. 
650 0 |a Human genetics.  |0 http://id.loc.gov/authorities/subjects/sh85062875 
650 0 |a Bioinformatics.  |0 http://id.loc.gov/authorities/subjects/sh00003585 
650 0 |a Biotechnology.  |0 http://id.loc.gov/authorities/subjects/sh85014263 
650 1 4 |a Human Genetics.  |0 http://scigraph.springernature.com/things/product-market-codes/B12008 
650 2 4 |a Bioinformatics.  |0 http://scigraph.springernature.com/things/product-market-codes/L15001 
650 2 4 |a Biotechnology.  |0 http://scigraph.springernature.com/things/product-market-codes/C12002 
655 7 |a Electronic books.  |2 local 
700 1 |a Yao, Yin,  |e editor.  |4 http://id.loc.gov/vocabulary/relators/edt  |0 http://id.loc.gov/authorities/names/n2010183259 
710 2 |a SpringerLink (Online service)  |0 http://id.loc.gov/authorities/names/no2005046756 
773 0 |t Springer eBooks 
776 0 8 |i Printed edition:  |z 9789811310706 
776 0 8 |i Printed edition:  |z 9789811310720 
830 0 |a Translational bioinformatics.  |x 2213-2775 ;  |v 13.  |0 http://id.loc.gov/authorities/names/no2013046737 
856 4 0 |u http://proxy.library.tamu.edu/login?url=https://doi.org/10.1007/978-981-13-1071-3  |z Connect to the full text of this electronic book  |t 0 
955 |a Springer EBA Purchase 
999 f f |s 051a7cfa-5327-495b-a444-a29f88edc914  |i 9e1ff437-fd86-3a66-a1a0-6b8a358797a1  |t 0 
952 f f |a Texas A&M University  |b College Station  |c Electronic Resources  |d Available Online  |t 0  |e RB155-155.8QH431   |h Library of Congress classification 
998 f f |a RB155-155.8QH431   |t 0  |l Available Online